Nommés au César du meilleur acteur dans un second rôle - Statistiques

Statistiques générales
  • Ce quiz a été pris 172 fois
    140 depuis la dernière actualisation
  • Le résultat moyen est 141 sur 244
Statistiques - réponses
Année Film Acteur % Correct
2025 L'Amour Ouf Alain Chabat
100%
2001 Le Goût des autres Alain Chabat
100%
2023 En corps François Civil
91%
2022 BAC Nord François Civil
91%
2014 Suzanne François Damiens
91%
2011 L'Arnacoeur François Damiens
91%
2003 Astérix et Obélix : Mission Cléopâtre Jamel Debbouze
91%
2002 Le Fabuleux Destin d'Amélie Poulain Jamel Debbouze
91%
1998 On connaît la chanson Jean-Pierre Bacri
91%
1986 Subway Jean-Pierre Bacri
91%
2012 L'Exercice de l'Etat Michel Blanc
91%
1997 Un héros très discret Albert Dupontel
88%
2016 La Tête haute Benoît Magimel
88%
2013 Cloclo Benoît Magimel
88%
2006 Je ne suis pas là pour être aimé Georges Wilson
88%
1996 La Cérémonie Jean-Pierre Cassel
88%
2001 Jet Set Lambert Wilson
88%
1998 On connaît la chanson Lambert Wilson
88%
1985 La Femme publique Lambert Wilson
88%
2025 Le Comte de Monte-Cristo Laurent Lafitte
88%
2018 Au revoir là-haut Laurent Lafitte
88%
2017 Elle Laurent Lafitte
88%
2017 Juste la fin du monde Vicent Cassel
88%
2007 Ne le dis à personne André Dussollier
84%
2005 36 quai des Orfèvres André Dussollier
84%
2002 La Chambre des officiers André Dussollier
84%
2000 Les Enfants du marais André Dussollier
84%
1993 Un cœur en hiver André Dussollier
84%
2018 Le Sens de la fête Gilles Lellouche
84%
2011 Les Petits Mouchoirs Gilles Lellouche
84%
2023 L'Innocent Roschdy Zem
84%
2009 La Fille de Monaco Roschdy Zem
84%
2006 Le Petit Lieutenant Roschdy Zem
84%
2000 Ma petite entreprise Roschdy Zem
84%
2022 Illusions perdues Vincent Lacoste
84%
2017 Victoria Vincent Lacoste
84%
2007 Quatre Etoiles François Cluzet
81%
2003 L'Adversaire François Cluzet
81%
1990 Force majeure François Cluzet
81%
1984 L'Eté meurtrier François Cluzet
81%
2013 Le Prénom Guillaume de Tonquédec
81%
1984 Garçon ! Jacques Villeret
81%
1979 Robert et Robert Jacques Villeret
81%
1998 Marius et Jeannette Jean-Pierre Darroussin
81%
1997 Un air de famille Jean-Pierre Darroussin
81%
1994 Cuisine et Dépendances Jean-Pierre Darroussin
81%
1997 Ridicule Jean Rochefort
81%
1976 Que la fête commence ... Jean Rochefort
81%
2012 Polisse Joeystarr
81%
2010 Le Bal des actrices Joeystarr
81%
2007 Je vais bien, ne t'en fais pas Kad Merad
81%
2021 ADN Louis Garrel
81%
2020 J'accuse Louis Garrel
81%
2016 Mon roi Louis Garrel
81%
2015 Saint Laurent Louis Garrel
81%
2005 Rois et Reine Maurice Garrel
81%
1991 La Discrète Maurice Garrel
81%
2024 Yannick Pio Marmaï
81%
2023 En corps Pio Marmaï
81%
2013 Cherchez Hortense Claude Rich
78%
2009 Aide-toi, le ciel t'aidera Claude Rich
78%
2000 La Bûche Claude Rich
78%
1995 La Fille de d'Artagnan Claude Rich
78%
1999 Le Dîner de cons Daniel Prévost
78%
1991 Uranus Daniel Prévost
78%
2019 Le Grand Bain Jean-Hugues Anglade
78%
2010 Persécution Jean-Hugues Anglade
78%
1996 Nelly et Monsieur Arnaud Jean-Hugues Anglade
78%
1995 La Reine Margot Jean-Hugues Anglade
78%
1986 Subway Jean-Hugues Anglade
78%
1984 Tchao Pantin Richard Anconina
78%
2010 Coco avant Chanel Benoît Poelvoorde
75%
2008 Molière Fabrice Luchini
75%
1995 Le Colonel Chabert Fabrice Luchini
75%
1994 Tout ça ... pour ça ! Fabrice Luchini
75%
1993 Le Retour de Casanova Fabrice Luchini
75%
1985 Les Nuits de la pleine lune Fabrice Luchini
75%
1998 Marthe Gérard Jugnot
75%
2001 Le Goût des autres Gérard Lanvin
75%
1982 Une étrange affaire Gérard Lanvin
75%
2015 Yves Saint Laurent Guillaume Gallienne
75%
2005 Podium Jean-Paul Rouve
75%
1989 Le Grand Bleu Jean Reno
75%
2021 Adieu les cons Nicolas Marié
75%
2024 Anatomie d'une chute Swann Arlaud
75%
2020 Grâce à Dieu Swann Arlaud
75%
2005 Les Choristes François Berléand
72%
2000 Ma petite entreprise François Berléand
72%
1991 Uranus Michel Galabru
72%
1986 Subway Michel Galabru
72%
2012 Polisse Nicolas Duvauchelle
72%
2018 Au revoir là-haut Niels Arestrup
72%
2014 Quai d'Orsay Niels Arestrup
72%
2011 L'Homme qui voulait vivre sa vie Niels Arestrup
72%
2010 Un prophète Niels Arestrup
72%
2006 De battre mon cœur s'est arrêté Niels Arestrup
72%
2015 Hippocrate Reda Kateb
72%
1996 Le bonheur est dans le pré Eddy Mitchell
69%
1982 Coup de torchon Eddy Mitchell
69%
1992 Merci la vie Jean Carmet
69%
1987 Les Fugitifs Jean Carmet
69%
1983 Les Misérables Jean Carmet
69%
1979 Le Sucre Jean Carmet
69%
1999 Ceux qui m'aiment prendront le train Jean-Louis Trintignant
69%
1987 La Femme de ma vie Jean-Louis Trintignant
69%
2004 La Petite Lili Jean-Pierre Marielle
69%
1993 Max et Jérémie Jean-Pierre Marielle
69%
1989 Quelques jours avec moi Jean-Pierre Marielle
69%
1982 Coup de torchon Jean-Pierre Marielle
69%
2022 BAC Nord Karim Leklou
69%
1976 Adieu poulet Patrick Dewaere
69%
2021 Les Choses qu'on dit, les Choses qu'on fait Vincent Macaigne
69%
2018 Le Sens de la fête Vincent Macaigne
69%
1997 Ridicule Bernard Giraudeau
66%
1995 Le Fils préféré Bernard Giraudeau
66%
1980 Le Toubib Bernard Giraudeau
66%
1979 Une histoire simple Claude Brasseur
66%
1977 Un éléphant ça trompe énormémentLe Grand Escogriffe Claude Brasseur
66%
2007 La Doublure Dany Boon
66%
2006 Joyeux Noël Dany Boon
66%
2003 Astérix et Obélix : Mission Cléopâtre Gérard Darmon
66%
1987 37°2 le matin Gérard Darmon
66%
1986 Trois Hommes et un couffin Michel Boujenah
66%
1979 L'Argent des autres Michel Serrault
66%
1993 La Crise Patrick Timsit
66%
1987 Mélo Pierre Arditi
66%
2019 Les Chatouilles Clovis Cornillac
63%
2005 Mensonges et trahisons et plus si affinités... Clovis Cornillac
63%
2004 A la petite semaine Clovis Cornillac
63%
2015 La Famille Bélier Eric Elmosnino
63%
1999 Place Vendôme Jacques Dutronc
63%
1977 Mado Jacques Dutronc
63%
2004 Le Cœur des hommes Marc Lavoine
63%
2019 Le Grand Bain Philippe Katerine
63%
1985 L'Addition Richard Bohringer
63%
1999 Ceux qui m'aiment prendront le train Vincent Perez
63%
1998 Le Bossu Vincent Perez
63%
2021 Antoinette dans les Cévennes Benjamin Lavernhe
59%
2020 Mon inconnue Benjamin Lavernhe
59%
2019 Plaire, aimer et courir vite Denis Podalydès
59%
2003 Embrassez qui vous voudrez Denis Podalydès
59%
2020 J'accuse Grégory Gadebois
59%
2007 Dans Paris Guy Marchand
59%
1988 Noyade interdite Guy Marchand
59%
1984 Coup de foudre Guy Marchand
59%
1982 Garde à vue Guy Marchand
59%
1981 Loulou Guy Marchand
59%
1997 Pédale Douce Jacques Gamblin
59%
2015 Saint Laurent Jérémie Renier
59%
1976 Adieu poulet Victor Lanoux
59%
1988 Les Innocents Jean-Claude Brialy
56%
1977 Le Juge et l'Assassin Jean-Claude Brialy
56%
1993 Indochine Jean Yanne
56%
2017 Victoria Melvil Poupaud
56%
2011 Des hommes et des dieux Michael Lonsdale
56%
2008 La Question humaine Michael Lonsdale
56%
1996 Nelly et Monsieur Arnaud Michael Lonsdale
56%
2014 Grand Central Olivier Gourmet
56%
2025 Le Comte de Monte-Cristo Bastien Bouillon
53%
2020 Grâce à Dieu Denis Ménochet
53%
1980 Coup de tête Jean Bouise
53%
1978 Le Juge Fayard dit " le Shériff " Jean Bouise
53%
1976 Le Vieux Fusil Jean Bouise
53%
2008 Les Témoins Sami Bouajila
53%
2000 C'est quoi la vie ? Jacques Dufilho
50%
1981 Un mauvais fils Jacques Dufilho
50%
1978 Le Juge Fayard dit " le Shériff " Philippe Léotard
50%
1981 Je vous aime Alain Souchon
47%
2021 La Bonne Epouse Edouard Baer
47%
2002 Betty Fisher et autres histoires Edouard Baer
47%
1991 Cyrano de Bergerac Jacques Weber
47%
1989 La vie est un long fleuve tranquille Patrick Bouchitey
47%
2014 Les Beaux Jours Patrick Chesnais
47%
1989 La Lectrice Patrick Chesnais
47%
2008 La Môme Pascal Greggory
44%
1996 Gazon maudit Ticky Holgado
44%
2024 Chien de la casse Anthony Bajon
41%
1980 Série noire Bernard Blier
41%
2023 La Nuit du 12 Bouli Lanners
41%
2022 Illusions perdues Xavier Dolan
41%
2019 En liberté ! Damien Bonnard
38%
2004 Pas sur la bouche Darry Cowl
38%
2024 Anatomie d'une chute Antoine Reinartz
34%
2018 120 Battements par minute Antoine Reinartz
34%
2012 La Conquête Bernard Le Coq
34%
2003 Se souvenir des belles choses Bernard Le Coq
34%
1992 Van Gogh Bernard Le Coq
34%
2009 Un conte de Noël Jean-Paul Roussillon
34%
2002 Une hirondelle a fait le printemps Jean-Paul Roussillon
34%
1988 Agent trouble Tom Novembre
34%
2004 Bon Voyage Yvan Attal
34%
1977 Si c'était à refaire Charles Denner
31%
2002 Le Fabuleux Destin d'Amélie Poulain Rufus
31%
1978 Jacques Dufilho Le Crabe-Tambour
28%
1991 Milou en mai Michel Duchaussoy
28%
1990 Hiver 54, l'abbé Pierre Robert Hirsch
28%
2017 Chocolat James Thierrée
25%
1983 Une chambre en ville Jean-François Stévenin
25%
1985 Un dimanche à la campagne Michel Aumont
25%
1980 Courage fuyons Michel Aumont
25%
1978 Des enfants gâtés Michel Aumont
25%
1992 Une époque formidable Ticky Hogaldo
25%
1989 Camille Claudel Alain Cuny
22%
1999 Place Vendôme Bernard Fresson
22%
1984 Garçon ! Bernard Fresson
22%
1987 Le Paltoquet Claude Piéplu
22%
1992 Delicatessen Jean-Claude Dreyfus
22%
1978 La Menace Jean-François Balmer
22%
2006 Caché Mauriche Bénichou
22%
2016 Marguerite Michel Fau
22%
1983 La Passante du Sans-Souci Gérard Klein
19%
2008 Ensemble, c'est tout Laurent Stocker
19%
2013 Camille redouble Michel Vuillermoz
19%
2010 Le Dernier pour la route Michel Vuillermoz
19%
1990 Trop belle pour toi Roland Blanche
19%
1995 Neuf mois Daniel Russo
16%
1988 Les Keufs Jean-Pierre Léaud
16%
1994 Germinal Jean-Roger Milo
16%
1986 On ne meurt que deux fois Xavier Deluc
16%
2016 Marguerite André Marcon
13%
2024 Le Procès Goldman Arthur Harari
13%
1985 Rue barbare Bernard-Pierre Donnadieu
13%
2025 Miséricorde David Ayala
13%
1994 Profil bas Didier Bezace
13%
2001 La Veuve de Saint-Pierre Emir Kusturica
13%
2012 Polisse Frédéric Pierrot
13%
2001 Saint-Cyr Jean-Pierre Kalfon
13%
1988 Le Cri du hibou Jean-Pierre Kalfon
13%
2023 Les Amandiers Micha Lescot
13%
1983 Qu'est-ce qui fait courir David ? Michel Jonasz
13%
2011 Des hommes et des dieux Olivier Rabourdin
13%
2013 Camille redouble Samir Guesmi
13%
2025 Miséricorde Jacques Develay
9%
2014 L'Inconnu du lac Patrick d'Assumçao
9%
2009 Deux Jours à tuer Pierre Vaneck
9%
1994 Le Nombril du monde Thomas Langmann
9%
2009 Stella Benjamin Biolay
6%
1990 La Vie et rien d'autre François Perrot
6%
2017 Le Fils de Jean Gabriel Arcant
6%
1992 Van Gogh Gérard Séty
6%
1981 Le Dernier Métro Heinz Bennent
6%
1990 Baptême Jacques Bonnaffé
6%
2022 Aline Sylvain Marcel
6%
2016 Dheepan Vincent Rottiers
6%
Aucun quiz correspondant
Distribution des résultats
% des personnes avec chaque résultat
Percentile par nombre de réponses
Votre historique - résultats
Vous n’avez pas pris ce quiz depuis la dernière actualisation